| 000 | 00763cam a2200205 4500 | ||
|---|---|---|---|
| 001 | WS108059 | ||
| 008 | 000000n 000 0 eng u | ||
| 035 | _a(Sirsi) u108059 | ||
| 110 |
_aAppraisal Institute _92987 |
||
| 245 | _aAppraisal Institute | ||
| 520 | _aGood web site giving details of the American real estate structure, publications and appraisal news. It includes a good searchable list of members and online access to the library catalogue. | ||
| 650 | 0 | _aLUM LIBRARY | |
| 650 |
_aValuation _96273 |
||
| 650 | _aAPPRAISAL | ||
| 650 | _aORGANISATION | ||
| 650 | _aUNITED STATES | ||
| 690 | _aINTERNATIONAL-AMERICAS | ||
| 856 | 4 | 0 |
_uhttps://www.appraisalinstitute.org _zView the website free of charge at www.appraisalinstitute.org... |
| 942 | _n0 | ||
| 999 |
_c119603 _d119603 |
||